000 00831nam a22002535a 4500
008 161225b2016 nyua|||fr|||| 001 0 eng d
020 _a1681173786
020 _a9781681173788
040 _aEG-ScBUE
_beng
_cEG-ScBUE
082 0 4 _222
_a665.73
_bFUN
245 0 0 _aFundamentals of natural gas processing /
_cEditor, Pankaj Kurulkar and Deepa Honap.
260 _aValley Cottage, New York :
_bScitus Academics,
_c2016.
300 _a235 p. :
_bill. ;
_c18 cm.
500 _aIndex : p. 253-255.
504 _aCitations : p. 229-231.
504 _aIncludes bibliographical references.
590 _aWessam
650 7 _2BUEsh
_92670
_a Natural gas.
651 _2BUEsh
653 _bENGPET
_cDecember2016
700 1 _941766
_aKurulkar, Pankaj
_eeditor
700 1 _941765
_aHonap, Deepa
_eeditor
942 _2ddc
_e22
_k665.73 FUN
999 _c23740
_d23712